00852nam a22002177a 450000500170000001000150001702000260003203500140005803700090007208200170008110000260009824501170012425000060024126000500024727000710029730000260036870000350039494200280042999900190045795201580047620241122143917.0 aENG-142376 a9789352870905c980.00 aEN-125908 bDBAD a333.1095421 aGoswami, Binoy974046 aEconomic Analysis of Agrarian Institution:bThe Case of tenancy/cBy Binoy Goswami [and] Forword By Ramesh Chand a1 aHyderabadbOrient Blackswan Private Ltdc2018 a3-6-752, Himayatnagar bHyderabade500029minfo@orintblackswan.com axviii,172p.c22cm(hb) aChand, Ramesh eForword973393 2ddccENh333.10954mGOS c206722d206722 001040708NFICaBNbBNd2024-10-24eDelivery of Books Act Divisiong980.00l0o333.10954 GOSpEN-125908r2024-10-24 00:00:00t1v980.00w2024-10-24yEN